| 000 | 01175cam a2200265 a 4500 | ||
|---|---|---|---|
| 001 | 000009671 | ||
| 005 | 20200929161650.0 | ||
| 008 | 951204s1995 ck 000 0 spa | ||
| 020 | _a9586122123 | ||
| 035 | _a(DLC) 95229875 | ||
| 040 |
_aDO-SdBNP _cDLC _dDLC |
||
| 082 |
_aC862.44 _bN318f |
||
| 100 | 1 |
_aNavajas Cortés, Esteban. _d1948- _924566 |
|
| 245 | 1 | 0 |
_aFantasmas de amor que rondaron el veintiocho : _bobra dramática escrita en trece jornadas / _cEsteban Navajas Cortés. |
| 260 |
_aColombia : _bTercer Mundo, _c1995. |
||
| 300 |
_a88 p. ; _c21 cm. |
||
| 490 | 1 |
_aColcultura _aLiteratura |
|
| 520 |
_a"Obra en torno al movimiento obrero ocurrido en las plantaciones bananeras colombianas en 1928. La acción obrera es seguida desde el recinto de una casa de baile. De especial interés es la caracterización interior de los personajes"--Handbook of Latin American Studies, v. 58. _uhttp://www.loc.gov/hlas/ |
||
| 586 | _aPremios Nacionales de Cultura, 1994 | ||
| 650 | 4 |
_aTeatro colombiano _99025 |
|
| 650 | 4 |
_aLiterastura colombiana _ySIGLO XX _924567 |
|
| 830 | 0 |
_aColcultura ; _pLiteratura _924568 |
|
| 910 | _aCatalogación por copia / LC | ||
| 049 | _aBNGR | ||
| 999 |
_c9431 _d9431 |
||